000 00315nam a22001337a 4500
008 170704b xxu||||| |||| 00| 0 eng d
020 _a9780813399669
041 _aeng
080 _a327
100 _a20
101 _aSHP
245 _aNEW THINKING IN INTERNATIONAL RELATIONS THEORY
_cDOYLE,M.W
942 _2udc
_cBK
999 _c19910
_d19910